[Event "CAN-ch (Women)"]
[Site "Toronto"]
[Date "2023.04.10"]
[Round "7"]
[White "Yang, Jing Yao"]
[Black "Qian, Ashley"]
[Result "0-1"]
[WhiteElo "1558"]
[BlackElo "1567"]
[PlyCount "116"]
[EventDate "2023.04.06"]
[EventType "swiss"]
[EventRounds "9"]
[EventCountry "CAN"]
[SourceTitle "CBM 213 Extra"]
[Source "ChessBase"]
[SourceDate "2023.05.31"]
[SourceVersion "1"]
[SourceVersionDate "2023.05.31"]
[SourceQuality "1"]

1. d4 d5 2. c4 e6 3. Nf3 Nf6 4. Nc3 Be7 5. Bf4 c6 6. e3 Nbd7 7. c5 b6 8. Qa4 Bb7 9. b4 b5 10. Qb3 a5 11. a4 bxa4 12. Rxa4 axb4 13. Qxb4 0-0 14. Be2 Rxa4 15. Nxa4 Qa8 16. 0-0 Ba6 17. Bxa6 Qxa6 18. Nb6 Nxb6 19. Qxb6 Ra8 20. h3 Qc8 21. Rb1 Bd8 22. Qb7 Qxb7 23. Rxb7 Ne4 24. Ne5 g5 25. Bg3 h5 26. Rb1 h4 27. Bh2 Ra2 28. Nxc6 Bf6 29. Nb4 Rxf2 30. c6 Bd8 31. c7 Bxc7 32. Bxc7 Re2 33. Rb3 f5 34. Bd8 Ng3 35. Rb1 Ne4 36. Nd3 Rxe3 37. Nf2 Rg3 38. Nxe4 fxe4 39. Bc7 Rd3 40. Be5 e3 41. Re1 Kf7 42. Kf1 Kg6 43. Ke2 Rd2+ 44. Kf1 Rd3 45. Ra1 Kf5 46. Ke2 Ke4 47. Rd1 Rc3 48. g3 Rc2+ 49. Ke1 g4 50. gxh4 gxh3 51. Ra1 h2 52. Bxh2 Rxh2 53. Ra6 Kf3 54. Kd1 Rh1+ 55. Kc2 e2 56. Rxe6 e1Q 57. Rf6+ Kg3 58. Kb3 Qb1+ 0-1

[Event "CAN-ch (Women)"]
[Site "Toronto"]
[Date "2023.04.07"]
[Round "2"]
[White "Yang, Jing Yao"]
[Black "Zhao, Erin"]
[Result "1/2-1/2"]
[WhiteElo "1558"]
[BlackElo "1559"]
[PlyCount "68"]
[EventDate "2023.04.06"]
[EventType "swiss"]
[EventRounds "9"]
[EventCountry "CAN"]
[SourceTitle "CBM 213 Extra"]
[Source "ChessBase"]
[SourceDate "2023.05.31"]
[SourceVersion "1"]
[SourceVersionDate "2023.05.31"]
[SourceQuality "1"]

1. d4 d5 2. c4 c6 3. Nf3 Nf6 4. Nc3 dxc4 5. a4 Bf5 6. e3 e6 7. Bxc4 Nbd7 8. Bd2 Bb4 9. 0-0 0-0 10. Ne2 Bxd2 11. Nxd2 e5 12. Ng3 Bg6 13. Nf3 exd4 14. Nxd4 Ne5 15. Qb3 Nxc4 16. Qxc4 Qd5 17. Qxd5 Nxd5 18. Ndf5 Bxf5 19. Nxf5 Rad8 20. Rfc1 Rd7 21. a5 Nc7 22. Nd4 Rfd8 23. h3 h6 24. a6 Nxa6 25. Nxc6 bxc6 26. Rxa6 Rd1+ 27. Rxd1 Rxd1+ 28. Kh2 Rd2 29. Rxc6 Rxf2 30. Ra6 Rxb2 31. Rxa7 Rb3 32. Ra8+ Kh7 33. Re8 Kg6 34. Kg3 Kf5 1/2-1/2